00752nam a2200217 4500999001500000001000600015003000900021005001700030008004100047020001800088040003800106082001600144100002100160245006700181260004800248300003700296504005100333650001600384942001200400952012200412 c8480d848022059BD-DhUAP20240324121312.0240324b19962014ny a|||| |||| 001 0aeng d a9780194372060 aBD-DhUAPbEngcBD-DhUAPdBD-DhUAP 223a410 WId aWiddowson, H. G. aLinguistics:bIntroductions to Language Study/cH.G.Widdowson. aNew York;b Oxford University Press,c2014. a xiii, 134 pagesbill. ; c20 cm a 125-132 Includes bibliographical references.  aLinguistics 2ddccBK 00102ddc4070aUAPCLbUAPCLcGeneral Stacksd2024-03-24o410 WIdp3010022059r2024-03-24t1v801.00w2024-03-24yBK